=LDR 00000nam 2200000 4500 =001 NUTBA000000000005954 =005 20141114094553.0 =006 =007 =008 =020 ##$$a 979-25-4431-3 =035 ##$$0010-111400000000433 =040 ##$$a NBPDMAT =082 ##$$a 649.4 =090 ##$$a 649.4$bvir h =100 ##$$a Virzara Auryn =245 ##$$a haw to crete a smart kids ?$bcara praktis menciptakan anak sehat dan cerdas$cVirzara auryn =260 ##$$a Jogjakarta$bKatahati$c2012 =300 ##$$a 200 hlm$c21 cm. =650 ##$$a Anak$xPerawatan dan Kesehatan =850 ##$$a NBPNMAT =990 ##$$a 21305178 =990 ##$$a 0001/BPAP-NTB/20142014 =990 ##$$a 0001/BPAP-NTB/20142015